Loading...

Virginia woolf: to the lighthouse/the waves/

Bibliographic Details
Other Authors: Jane Goldman (ed.)
Format: Printed Book
Published: Cambridge: Icon Books, 1997.
Subjects:
LEADER 00593nam a22001691a 4500
999 |c 50020  |d 50020 
020 |a 9781874166702 
082 |a 823.009  |b JAN/V 
245 |a Virginia woolf:  |b to the lighthouse/the waves/  |c edited by Jane Goldman. 
260 |a Cambridge:  |b Icon Books,  |c 1997. 
300 |a 191p. 
650 |a Novel English Criticism 
650 |a Literature English 
650 |a Literature 
700 |a Jane Goldman (ed.) 
942 |c BK 
952 |0 0  |1 0  |4 0  |6 823_009000000000000_JAN_V  |7 0  |9 72818  |a SSUS  |b SSUS  |d 2015-01-08  |g 977.00  |l 1  |o 823.009 JAN/V  |p 046023  |r 2018-02-02  |s 2016-01-19  |v 0.00  |w 2015-01-08  |y BK